000 02023cam a22005534i 4500
003 PE-LiUPU
005 20250731180144.0
008 150706s r 000 0 d
020 _a9706861920
035 _a(Sirsi) i9789706861924
040 _aPE-LiUPU
_bspa
_cPE-LiUPU
_erda
049 _aPRUA
082 0 4 _a515.2433
_bP59
_221
100 1 _aPinsky, Mark A.,
_eautor.
245 1 0 _aIntroducción al análisis de fourier y las ondoletas /
_cMark A. Pinsky ; tr. José Hernán Pérez Castellanos.
264 1 _aMéxico :
_bInternational Thomson Editores,
_c2003.
300 _a376 p ;
_c23 cm.
336 _atext
_2rdacontent
337 _aunmediated
_2rdamedia
338 _avolume
_2rdacarrier
504 _aBibliografía: p. 365-367.
505 0 _aSeries de Fourier sobre el círculo - Transformadas de Fourier sobre la recta y el espacio - Análisis de Fourier en los espacios Lp - Fórmulas de la suma de Poisson y las series múltiples de Fourier - Aplicaciones a la teoría de probabilidades - Introducción a las ondoletas.
526 _aSEG44
526 _aSEG26
526 _aP159
526 _aP155
526 _aP154
526 _aP153
526 _aP150
526 _aP100
526 _aP31
526 _aP30
526 _aP26
526 _aP25
526 _aP24
526 _aP22
526 _aP15
526 _aP10
541 _g015-0012821;
650 0 4 _aFourier, Análisis.
650 0 4 _aOndoletas (Matemáticas).
700 1 _aJosé Hernán Pérez Castellanos.
910 _a
942 _2ddc
_cBOOK
949 _a515.2433 P59
_wDEWEY
_c1
_i63060
_lCCODEBUL1
_mBUL
_p28.00
_r0
_sY
_tBOOK
_u2015-7-6
_xINGENIERIA
_zUNKNOWN
_o.STAFF. Colección General
994 _aC0
_bPEPRU
596 _a1
999 _a515.2433 P59
_wDEWEY
_c52076
_i63060
_d52076
_f2021-11-9
_g7
_lCCODEBUL1
_mBUL
_p28.00
_q1
_r0
_sY
_tBOOK
_u2015-7-6
_xINGENIERIA
_zUNKNOWN
_0COMPRA
_o.STAFF. Colección General
980 _81
_gALBERTO SANCHEZ Responsable de Automatización